000 01315njm a22002897a 4500
005 20100901115333.0
006 a|||||r|||||00| 0
007 sd ammalaaahaa
008 100901t xxu||||| |||| 00| 0 eng d
028 _a2392 535
_bMusic India
035 _aGR-03457
040 _aSED
_cSED
100 _aGovind Prasad Jaipurwale
_917891
245 _aQatil Ada /
_cby Govind Prasad Jaipurwale ; music by Govind Prasad Jaipurwale ; lyric by Dil Bag Singh Sohal
_h[Sound recording]
246 _aकातिल अदा / गोविन्द प्रसाद जैपुर्वाले
260 _aDUM DUM, India
_bMusic India
_c1981
300 _a1 Sound disc [Gramophone Recording] :
_banalog, 33 1/3 rpm
_c12 in. (LP)
_fGramophone Record
500 _aBrief record
500 _aRecord Labels : Music India,Red
505 _aSide-1 उनको ये पैगाम देना (Unko ye paigam dena) --Side-2 तुम आगये हो आज तो (Tum aagaye ho aaj to) (Govind Prasad Jaipurwale)
600 _2Govind Prasad Jaipurwale
650 _aGhazals
_xExcerpts
_zIndia
_917892
700 _aGovind Prasad Jaipurwale
_919099
700 _aDil Bag Singh Sohal
_920651
942 _2ddc
_cGR
999 _c46715
_d46715